LEADER 00897nam0-2200325---450 001 990009468810403321 005 20190708152357.0 010 $a978-81-8192-192-5 035 $a000946881 035 $aFED01000946881 035 $a(Aleph)000946881FED01 035 $a000946881 100 $a20111027d2011----km-y0itay50------ba 101 0 $aeng 102 $aIN 105 $ay-------001yy 200 1 $aBiofuel crops and renewable energy$fA. Balakishan 210 $aJaipur$cSublime Publications$d2011 215 $aVI, 301 p.$d24 cm 610 0 $aBiocarburanti 610 0 $aEnergie rinnovabili 676 $a662.8$v20$zita 700 1$aBalakishan$bA.$0513939 801 0$aIT$bUNINA$gRICA$2UNIMARC 901 $aBK 912 $a990009468810403321 952 $a60 662.8 BALA 2011$b13520$fFAGBC 959 $aFAGBC 996 $aBiofuel crops and renewable energy$9852820 997 $aUNINA LEADER 01137nam0 22002413i 450 001 SUN0132915 005 20210330030138.374 010 $a978-88-699-5323-1$d0.00 100 $a20210330d2017 |0itac50 ba 101 $aita 102 $aIT 105 $a|||| ||||| 200 1 $a*Biennale di architettura di Pisa, 19-28 novembre 2017, 2. edizione$eLe *cittą e l'acqua$eun laboratorio verso il futuro Ospedaletto, Pisa$ePacini ; Pisa$eAssociazione LP, Laboratorio permanente per la Cittą, 2017 210 $a199 p.$cill. ; 28 x 28 cm. 327 $aIn testa al frontespizio: LAB Q, Laboratorio per la Qualitą Urbana 606 $aCittą$xZone costiere [e] Bacini fluviali$xSistemazione urbanistica$xProgetti$2AR$3SUNC036049 620 $dPisa$3SUNL000008 676 $a711.42$v22 801 $aIT$bSOL$c20210405$gRICA 912 $aSUN0132915 950 $aBIBLIOTECA DEL DIPARTIMENTO DI ARCHITETTURA E DISEGNO INDUSTRIALE$d01CONS T-ESAME95 $e01BDA1673 20210330 996 $aBiennale di architettura di Pisa, 19-28 novembre 2017, 2. edizione$91770443 997 $aUNICAMPANIA